000 00573nam a2200193Ia 4500
005 20250508162315.0
008 008 250505s9999 xx 000 0 eng d
037 _aTextual
040 _aFEDL
_beng
_cFEDL
041 _aeng
_2eng
084 _a370.7, UNE
_qFEDL
100 _aThomas Jean
_990292
245 0 _aTeachers for the schools of tomorrow
260 _aParis, France
_bUnited Nations Educational, Scientific and Cultural Organization
_c1968
300 _a84p.
650 _aEducation
942 _cTEXL
_h370.7, UNE
999 _c1375734
_d1375734